Регионална библиотека "Любен Каравелов" - Русе

Приказник. (Запис номер 207339)

MARC детайли
000 -Лидер
Контролно поле с фиксирана дължина 01548nam a2200373 a 4500
001 - Контролен номер на записа
Контролно поле 207339
003 - Код на организацията, давaща контролен номер
Контролно поле BLK
005 - Дата и час на последна редакция
Контролно поле 20240131132427.0
008 - Елементи от данни с фиксирана дължина
fixed length control field 180411b bul|||||r ||||||| ||bul||
010 ## - Наследен системен номер
LC control number KNG00217101000
020 ## - Международен стандартен номер на книга ISBN
Международен стандартен номер на книга ISBN 978-619-220-103-6
040 ## - Източник на каталожния запис
Идентификатор на билиотеката - собственик на записа BLK
041 ## - Код за език
Код за езика на текст/звукозапис или на отделно заглавие Български
Код за езика КДБФ Български
072 ## - Код за тематичната категория
9 (RLIN) 178281
Код за тематична категория Н85
Текст Детска художествена литература Н
080 ## - УДК
Текстов определител УДК Българска литература
УДК код - определител по УДК 821.163.2
УДК определител -93-34
УДК - код + определител 821.163.2-93-34
139 ## - Редно поле
Редна дума Приказник
Авторски знак При - П 87
245 10 - Сведения за заглавието
Заглавие Приказник.
Подзаглавни данни Приказки, песнички и стихчета от класиците на българската литература с оригиналните илюстрации от миналия век : книга за всеки български дом
Редно поле (дума) отбрани от Румяна Пенчева, Мирела Костадинова.
257 ## - Страна на издаване
Страна на създаване/издаване България
260 ## - Област на издателските данни
Година на издаване 2017
9 (RLIN) 220578
Място на издаване, разпространение и проч. София
Име на издателя, разпространителя и проч. Lexicon
Печатница Добрич : ФолиАрт
300 ## - Физическа характеристика
Страници 360 с.
Илюстрации и др. с портр., ил.
Размери/Мащаб 23 см
380 ## - Жанр
Жанр Детска худож. лит.
659 #7 - Тематичен бюлетин
9 (RLIN) 178160
Тематичен бюлетин Н
Тематичен бюлетин - текст Нови книги
700 ## - Други автори (авторска отговорност)
Лично име Пенчева, Румяна
Автороска отговорност (Описва отношението между автора и произведението) състав.
9 (RLIN) 1478
700 ## - Други автори (авторска отговорност)
Лично име Костадинова, Мирела
Автороска отговорност (Описва отношението между автора и произведението) състав.
9 (RLIN) 1478
852 ## - Местоположение
Форматна сигнатура Цб 289382
856 4# - Електронен адрес и достъп
Електронен формат pdf - файл
856 4# - Електронен адрес и достъп
Електронен формат pdf - файл
942 ## - АРТИКУЛИ
Вид на библиотечния материал Книги
Скрит в OPAC Не
Koha issues (borrowed), all copies 8
944 ## - СЪЗДАВАНЕ И РЕДАКЦИЯ на ЗАПИСА
Създаване/Редакция Създаване
Дата на регистрацията/редакция 15.03.2018
Служител, извършил регистрацията/редакцията 30545
Статус, дата на статуса Нора Радева
944 ## - СЪЗДАВАНЕ И РЕДАКЦИЯ на ЗАПИСА
Създаване/Редакция Редакция
Дата на регистрацията/редакция 20.03.2018
Служител, извършил регистрацията/редакцията Виолета_Тройчева
999 ## - СИСТЕМНИ КОНТРОЛНИ НОМЕРА
Koha biblionumber 207339
Koha biblioitemnumber 207339
999 ## - СИСТЕМНИ КОНТРОЛНИ НОМЕРА
Koha biblioitemnumber 207339
999 ## - СИСТЕМНИ КОНТРОЛНИ НОМЕРА
Koha biblioitemnumber 207339
999 ## - СИСТЕМНИ КОНТРОЛНИ НОМЕРА
Koha biblioitemnumber 207339
Наличности
Код за отписване Код за изгубен артикул Източник на класификационната схема Код за повреда Коз за рестрикции Код за отдаване Артикулен № Име на библиотеката - собственик Име на библиотеката, в която се намира в момента Статус (Текущо местоположение) Дата на вписване в системата Местоположение - отдел Цена в лева Инвентарен номер Систематично азбучна сигнатура Баркод Номер на екземпляра Цена в евро Служебна бележка Служебен тип на артикула
  Не е изгубен Universal Decimal Classification Не е повреден без рестрикции заемане за дома 357776 Регионална библиотека "Любен Каравелов" Русе Регионална библиотека "Любен Каравелов" Русе Детски отдел 2018-03-07 Детски отдел 13.46 120000819987 ДХ 886.7/П 87 120000819987 1 6.88 Дост: Pk Вид: Ф N: 949 Дата: 07.03.2018 Книги
Vip Innovations Ltd, Rousse, Bulgaria 2025